000 00430nam a22001817a 4500
005 20180205124652.0
008 160701b xxu||||| |||| 00| 0 eng d
020 _a81-317-1498-5
041 _aeng
082 _b20186
_a005.131
100 _aChappell David
_93344
245 _aUnderstanding Net
250 _a2nd ed.
260 _bPearson
_c2007
_a2006
300 _a298
650 _aInformation Technology
_9137
942 _cBK
999 _c5000
_d4998